Statistiques concernant Culture Générale - Série 1103

Cliquez ici pour prendre le quiz!

Statistiques générales

  • Ce quiz a été pris 44 fois
    (39 depuis la dernière actualisation)
  • Le résultat moyen est 6 sur 10

Statistiques - réponses

Question Réponse % Correct
Quel canal relie l'Océan Atlantique à l'Océan Pacifique ?canal de Panama
94%
Quelle est la capitale du Canada ?Ottawa
94%
Depuis 1989, quel pays a pris le nom d’Union de Myanmar ?Birmanie
86%
Dans quel pays se trouve le Machu Picchu ?Pérou
83%
Quel est le plus long fleuve du monde ?Nil
81%
Complétez le dicton "A coeur vaillant ...rien d'impossible
58%
Quel est le fleuve le plus long d’Europe ?Volga
56%
Grave maladie infectieuse caractérisée par une contraction douloureuse des muscles, avec des crises convulsivestétanos
22%
Combien la Terre compte-t-elle de parallèles ?180
19%
Combien de méridiens compte la Terre ?360
14%

Distribution des résultats

Percentile par nombre de réponses

% des personnes avec chaque résultat

Votre développement - résultats

Vous n’avez pas pris ce quiz depuis la dernière actualisation